000 00544nam a2200181Ia 4500
008 100920s9999 xx 000 0 und d
082 _b94076
_a--- न 05
100 _aलागु ंचिंतामणी.
245 _aपाठलाग.
260 _bगीता एजन्सीज, सोलापूर.
_c2005
300 _a200
_bसाधी
365 _b200
520 _aकादंबरी.
630 _aपाठलाग.
650 _aकादंबरी.
730 _aपाठलाग.
942 _cBOOK
999 _c734519
_d734516